Normal view
MARC view
- ISLAM-HAQOOK-UL-ZOJAIN
Entry Topical Term
001 - CONTROL NUMBER
- control field: 79346
003 - CONTROL NUMBER IDENTIFIER
- control field: NUST
005 - DATE AND TIME OF LATEST TRANSACTION
- control field: 20210628210424.0
008 - FIXED-LENGTH DATA ELEMENTS
- fixed length control field: 210628|| aca||aabn | a|a d
040 ## - CATALOGING SOURCE
- Original cataloging agency: NUST
- Transcribing agency: NUST
150 ## - HEADING--TOPICAL TERM
- Topical term or geographic name entry element: ISLAM-HAQOOK-UL-ZOJAIN
670 ## - SOURCE DATA FOUND
- Source citation: Work cat.: (NUST): Thanvi, Muhammad Ashraf Al Muhammad Ashraf Ali Thanvi 79345, Khutbat-e-hakeem ul umat haqook-ul-zojain, 1995
